NFL Teams By Win Percentage Since 2010 - Statistics

General Stats
  • This quiz has been taken 77 times
  • The average score is 12 of 32
Answer Stats
Percentage Place Conference Answer % Correct
78.1% 1st AFC New England Patriots
100%
64.5% 2nd NFC Green Bay Packers
85%
64.1% 3rd AFC Pittsburgh Steelers
74%
62.8% 4th NFC Seattle Seahawks
68%
61.2% 6th AFC Baltimore Ravens
64%
62.5% 5th NFC New Orleans Saints
60%
60.0% 7th AFC Kansas City Chiefs
53%
26.4% 32nd AFC Cleveland Browns
43%
55.6% T-9th AFC Denver Broncos
42%
51.2% T-12th AFC Indianapolis Colts
40%
55.6% T-9th NFC Atlanta Falcons
38%
31.8% 31st AFC Jacksonville Jaguars
36%
51.2% T-12th NFC Minnesota Vikings
36%
53.7% 11th NFC Dallas Cowboys
34%
54.3% 10th NFC Philadelphia Eagles
34%
51.2% T-12th AFC Houston Texans
32%
42.5% 27th AFC New York Jets
30%
50.3% 15th NFC San Francisco 49ers
28%
36.9% 30th NFC Tampa Bay Buccaneers
28%
47.5% 19th NFC Chicago Bears
26%
45.9% 21st NFC Los Angeles Rams
26%
47.4% 20th NFC Arizona Cardinals
25%
49.1% 16th NFC Carolina Panthers
25%
45.2% 22nd NFC Detroit Lions
25%
39.3% 28th AFC Las Vegas Raiders
23%
44.3% 23rd AFC Buffalo Bills
21%
48.7% 17th AFC Cincinnati Bengals
21%
48.1% 18th AFC Los Angeles Chargers
21%
43.1% T-25th AFC Miami Dolphins
21%
43.1% T-25th AFC Tennessee Titans
19%
38.9% 29th NFC Washington Football Team
17%
43.7% 24th NFC New York Giants
15%
No matching quizzes found
Score Distribution
Percent of People with Each Score
Percentile by Number Answered
Your Score History
You have not taken this quiz